000 00854nam a2200265 4500
003 DO-SdBNP
005 20240529132238.0
007 ta
008 210325b2018 dr ||||| |||| 00| 0 eng d
020 _a9789945903065
040 4 _aDO-SdBNP
_bspa
_cBNPHU
082 4 _aRD861.447293
_bB142d
_222
100 1 _aBáez, Josefina,
_d1986-
_930226
245 1 0 _aDominicanish y Listas de Washington Heights /
_cJosefina Báez ; introducción de Sharina Maillo-Pozo.
260 _aSanto Domingo :
_bDe a Poco
_c2018.
300 _a35 p. ;
_c20 cm.
590 _aInventariado, 2021/SA / BT
650 0 _aPoesía dominicana
_978060
650 0 _aLiteratura dominicana.
_967
650 4 _a American literature --
_978300
650 4 _aLiteratura estadounidense
_9263
650 4 _aAutores hispanoamericanos
_978301
910 _aSaquino
942 _2ddc
_cLBS1
999 _c49702
_d49702